000 00498nam a22001817a 4500
999 _c3477
_d3477
003 GBCCL
005 20241126110455.0
008 171128b xxu||||| |||| 00| 0 eng d
040 _cgbc
082 _a269.2
_bCOL
100 _aColeman, Robert E.
_97016
245 _aThe Lord's plan:
_bTo spread the good news /
_cRobert E. Coleman
250 _a3rd Ed.
260 _aMadras:
_bEvangelical Literature Service,
_c1992
300 _a88p.;
_c18 cm.
650 _aEvangelism
_96875
942 _2ddc
_cBK
_011